LEADER 01149nam--2200409---450- 001 990002855040203316 005 20070118163242.0 010 $a88-7081-025-9 035 $a000285504 035 $aUSA01000285504 035 $a(ALEPH)000285504USA01 035 $a000285504 100 $a20070115d1977----km-y0itay50------ba 101 $aita 102 $aIT 105 $aa---||||001yy 200 1 $aComandi pneumatici$eintroduzione ai principi fondamentali$fWerner Deppert, Kurt Stoll 205 $a2. ed. 210 $aMilano$cTecniche Nuove$dc1977 215 $a196 p.$cill.$d21 cm. 410 0$12001 454 1$12001$aPneumatische Steuerungen$915051 461 1$1001-------$12001 606 0 $aMacchine pneumatiche 676 $a621.5 700 1$aDEPPERT,$bWerner$0595577 701 1$aSTOLL,$bKurt$076914 801 0$aIT$bsalbc$gISBD 912 $a990002855040203316 951 $aII/26$b809$cII 951 $aII/65$b994$cII 959 $aBK 969 $aDIMEC 979 $aDIMEC$b90$c20070115$lUSA01$h1631 979 $aDIMEC$b90$c20070118$lUSA01$h1632 996 $aPneumatische Steuerungen$915051 997 $aUNISA LEADER 02254nas 2200649-a 450 001 996198912403316 005 20240413014038.0 011 $a2659-921X 035 $a(CKB)1000000000416922 035 $a(CONSER)--2013213506 035 $a(DE-599)ZDB2685386-3 035 $a(EXLCZ)991000000000416922 100 $a19961210a19969999 --- - 101 0 $aspa 200 10$aContrastes $erevista interdisciplinar de filosofía 210 $aMálaga [Spain] $cDepartamento de Filosofía, Universidad de Málaga$d1996- 215 $a1 online resource 300 $aSubtitle varies slightly. 300 $aRefereed/Peer-reviewed 311 08$aPrint version: Contrastes (Málaga, Spain) 1136-4076 (DLC) 2013213506 (OCoLC)36064360 531 $aCONTRASTES 606 $aPhilosophy, Spanish$xPeriodicals 606 $aPhilosophy, Spanish$vPeriodicals 606 $aPhilosophy$vPeriodicals 606 $aPhilosophie espagnole$vPériodiques 606 $aPhilosophie$vPériodiques 606 $aPhilosophie espagnole$xPériodiques 606 $aPhilosophy$2fast$3(OCoLC)fst01060777 606 $aIntellectual life$2fast$3(OCoLC)fst00975769 606 $aPhilosophy, Spanish$2fast$3(OCoLC)fst01061122 606 $aInterdisziplinäre Forschung$2gnd 606 $aPhilosophie$2gnd 606 $aZeitschrift$2gnd 607 $aMálaga (Spain : Province)$xIntellectual life$xPeriodicals 607 $aMálaga (Espagne : Province)$xVie intellectuelle$xPériodiques 607 $aSpain$zMálaga (Province)$2fast 608 $aPeriodicals.$2fast 615 0$aPhilosophy, Spanish$xPeriodicals. 615 0$aPhilosophy, Spanish 615 0$aPhilosophy 615 6$aPhilosophie espagnole 615 6$aPhilosophie 615 6$aPhilosophie espagnole$xPériodiques. 615 7$aPhilosophy. 615 7$aIntellectual life. 615 7$aPhilosophy, Spanish. 615 7$aInterdisziplinäre Forschung 615 7$aPhilosophie 615 7$aZeitschrift 686 $a200$2zdbs 686 $a5,1$2ssgn 712 02$aUniversidad de Málaga.$bDepartamento de Filosofía. 906 $aJOURNAL 912 $a996198912403316 920 $aexl_impl conversion 996 $aContrastes$91552510 997 $aUNISA